000 00557nam a2200193Ii 4500
001 10501
003 CO-ViMGA
008 241108s9999||||xx |||||||||||||| ||und||
040 _aCO-ViMGA
_bspa
_erda
_cCO-ViMGA
041 0 _aunk
082 0 4 _a320.5-M392
245 1 0 _a<El> marxismo en Colombia
264 1 _a[Lugar de publicación no identificado] : FESCOL, 1983
300 _avolumen
336 _atext
_btxt
_2rdacontent
337 _aunmediated
_bn
_2rdamedia
338 _avolume
_bnc
_2rdacarrier
940 _aidficha_siabuc: 10248. -- ficha_no_siabuc:10501
999 _c56228
_d56228